A century of realism in Philippine art / (Record no. 21264)
[ view plain ]
| 000 -LEADER | |
|---|---|
| fixed length control field | 00574nam a2200181 a 4500 |
| 005 - DATE AND TIME OF LATEST TRANSACTION | |
| control field | 20140310183315.0 |
| 008 - FIXED-LENGTH DATA ELEMENTS--GENERAL INFORMATION | |
| fixed length control field | 051205s19uu xx 00 eng d |
| 050 ## - LIBRARY OF CONGRESS CALL NUMBER | |
| Classification number | N 7327.17.R43 |
| Item number | .D85 1992 |
| 100 ## - MAIN ENTRY--PERSONAL NAME | |
| Personal name | Duldulao, Manuel D. |
| 245 ## - TITLE STATEMENT | |
| Title | A century of realism in Philippine art / |
| Statement of responsibility, etc | Manuel D. Duldulao |
| 250 ## - EDITION STATEMENT | |
| Edition statement | 2nd revised ed. |
| 260 ## - PUBLICATION, DISTRIBUTION, ETC. (IMPRINT) | |
| Place of publication, distribution, etc | Hongkong : |
| Name of publisher, distributor, etc | Toppan Printing Co, |
| Date of publication, distribution, etc | 1992. |
| 300 ## - PHYSICAL DESCRIPTION | |
| Extent | 273 p. : |
| Other physical details | ill. (some col.) ; |
| Dimensions | 29 cm. |
| 650 ## - SUBJECT ADDED ENTRY--TOPICAL TERM | |
| Topical term or geographic name as entry element | Arts |
| General subdivision | History |
| -- | Philippines. |
| 650 ## - SUBJECT ADDED ENTRY--TOPICAL TERM | |
| Topical term or geographic name as entry element | Art Appreciation |
| General subdivision | Philippines. |
| 942 ## - ADDED ENTRY ELEMENTS (KOHA) | |
| Koha item type | Books |
| Source of classification or shelving scheme | Library of Congress Classification |
| Call number prefix | Rare Filipiniana |
| Withdrawn status | Lost status | Source of classification or shelving scheme | Damaged status | Home library | Current library | Shelving location | Date acquired | Total Checkouts | Full call number | Barcode | Date last seen | Copy number | Price effective from | Koha item type |
|---|---|---|---|---|---|---|---|---|---|---|---|---|---|---|
| Library of Congress Classification | College Library | College Library | Filipiniana Section | 12/05/2005 | N 7327.17.R43 .D85 1992 | C6408 | 05/08/2018 | 1 | 10/10/2013 | Books |